Provinzen der Niederlande und die Hauptstädte dahinter - Statistiken

Allgemein
  • Dieses Quiz wurde 97 mal gespielt
  • Das Durchschnittsergebnis liegt bei 14 aus 24
Antwortstatistiken
Antwort % Korrekt
Nordholland
85%
Südholland
80%
Utrecht
80%
Utrecht
80%
Groningen
78%
Groningen
78%
Friesland
73%
Den Haag
71%
Limburg
67%
Zeeland
67%
Gelderland
64%
Maastricht
58%
Overijssel
58%
Nordbrabant
55%
Flevoland
49%
Haarlem
49%
Zwolle
44%
Drenthe
42%
Middelburg
42%
Arnheim
40%
Leeuwarden
40%
Lelystad
40%
Assen
35%
s Hertogen­bosch
0%
Keine übereinstimmenden Quizze gefunden
Verteilung der Resultate
Anzahl Personen mit jedem Resultat
Perzentil nach korrekt beantworteten Fragen
Ihre Resultats-Entwicklung
Sie haben dieses Quiz noch nicht gespielt